Financial Innovations Risk, Financial Distress and Firms Value: A Critical Review of Literature
Prieskum existujúcej teoretickej a empirickej literatúry týkajúci sa rizikových finančných inovácií, finančnej núdze a firemnej hodnoty.
Gespeichert in:
| 1. Verfasser: | |
|---|---|
| Format: | Buchkapitel |
| Sprache: | Englisch |
| Schlagworte: | |
| Tags: |
Keine Tags, Fügen Sie das erste Tag hinzu!
|
MARC
| LEADER | 00000nla a2200000 4500 | ||
|---|---|---|---|
| 001 | 0246278 | ||
| 005 | 20220803161706.4 | ||
| 041 | 0 | |a eng | |
| 044 | |a MK | ||
| 245 | 1 | 0 | |a Financial Innovations Risk, Financial Distress and Firms Value: A Critical Review of Literature |c Ndua Daniel Ndicu |
| 520 | |a Prieskum existujúcej teoretickej a empirickej literatúry týkajúci sa rizikových finančných inovácií, finančnej núdze a firemnej hodnoty. | ||
| 610 | 2 | 0 | |a riziko finančné |
| 610 | 2 | 0 | |a hodnota podniku |
| 610 | 2 | 0 | |a prieskum |
| 610 | 2 | 0 | |a inovácia |
| 610 | 2 | 0 | |a financie |
| 610 | 2 | 0 | |a hodnota reálna |
| 100 | 1 | |a Ndicu, Ndua Daniel | |